El periódico de Roma
Gorde:
| Egile Nagusiak: | , |
|---|---|
| Formatua: | Liburua |
| Hizkuntza: | gaztelania |
| Argitaratua: |
Barcelona
Ediciones B
1996
|
| Gaiak: | |
| Etiketak: |
Etiketa erantsi
Etiketarik gabe, Izan zaitez lehena erregistro honi etiketa jartzen!
|
MARC
| LEADER | 00000nam a2200000 a 4500 | ||
|---|---|---|---|
| 001 | UCO7664 | ||
| 003 | CL-VaPUC | ||
| 008 | 001117e19960000SP |||||||||||||||||spa|d | ||
| 082 | 0 | 4 | |a 937 |b LAN |2 21 |
| 100 | 0 | |a Langley, Andrew |e author |9 452300 | |
| 700 | 0 | |a De Souza, Philip |e author |9 452301 | |
| 245 | 1 | 3 | |a El periódico de Roma |
| 300 | |a 32 p | ||
| 942 | |c BK | ||
| 945 | |d 20001117 00:00:00 |a rbrito | ||
| 260 | |a Barcelona |b Ediciones B |c 1996 | ||
| 650 | 0 | |a Historia antigua |9 267521 | |
| 650 | 0 | |a Imperio Romano |9 322785 | |
| 651 | 0 | |a Roma |9 255106 | |
| 583 | |a last modification |c 20001117 00:00:00 |k Rodrigo Vera | ||
| 999 | |c 292548 |d 292546 | ||
| 952 | |0 0 |1 0 |4 0 |6 937_000000000000000_LAN_1996 |7 0 |8 A |9 343475 |a BIBHIS |b BIBHIS |d 2019-11-20 |i 3660141 |o 937 LAN 1996 |p 3660141 |r 2025-01-20 |w 2019-11-20 |y BK |k HIS | ||